Study guide : (Record no. 10815)

MARC details
000 -LEADER
fixed length control field 00499nam a22001937a 4500
003 - CONTROL NUMBER IDENTIFIER
control field MUT
005 - DATE AND TIME OF LATEST TRANSACTION
control field 20240606081144.0
008 - FIXED-LENGTH DATA ELEMENTS--GENERAL INFORMATION
fixed length control field 170724b xxu||||| |||| 00| 0 eng d
020 ## - INTERNATIONAL STANDARD BOOK NUMBER
International Standard Book Number 003000229X
040 ## - CATALOGING SOURCE
Transcribing agency MUT
050 ## - LIBRARY OF CONGRESS CALL NUMBER
Classification number HG 4026
Item number .B73 1985
100 ## - MAIN ENTRY--PERSONAL NAME
Personal name Brigham, Eugene F.
245 ## - TITLE STATEMENT
Title Study guide :
Remainder of title essentials of managerial finance
250 ## - EDITION STATEMENT
Edition statement 7th ed.
260 ## - PUBLICATION, DISTRIBUTION, ETC.
Place of publication, distribution, etc. Chicago
Name of publisher, distributor, etc. Dryden Press
Date of publication, distribution, etc. 1985
650 ## - SUBJECT ADDED ENTRY--TOPICAL TERM
Topical term or geographic name entry element Corporations
General subdivision Finance
700 ## - ADDED ENTRY--PERSONAL NAME
Personal name Weston, J. Fred
942 ## - ADDED ENTRY ELEMENTS (KOHA)
Source of classification or shelving scheme Library of Congress Classification
Koha item type Books
Holdings
Withdrawn status Lost status Source of classification or shelving scheme Damaged status Not for loan Home library Current library Date acquired Total checkouts Full call number Barcode Date last seen Price effective from Koha item type
    Library of Congress Classification     Murang'a University of Technology Library Murang'a University of Technology Library 20/06/2017   HG 4026 .B73 1985 011550 20/06/2017 20/06/2017 Books